000 00238nam a2200097Ia 4500
008 220120s9999||||xx |||||||||||||| ||und||
082 _a005.1 KUM
100 _aKumar's
245 0 _aComputer concepts and programming
300 _a494p ;
_b325
999 _c136392
_d136392